Szczegóły MARC21

Twórcy dzieciom 1990-2005 : almanach Polskiej Sekcji IBBY = Artists for children : almanc of the IBBY Polish Section /

005 -DATA I CZAS OSTATNIEJ MODYFIKACJI [,]
    • @
    • pole kontrolne
    • 20070823115245.0
020 -Międzynarod. znormalizowany nr książki - ISBN [ , ]
    • a
    • Numer ISBN
    • 8390940248 Find
040 -Instytucja sporządzająca opis [ , ]
    • a
    • Instytucja, która sporządziła opis (NP)
    • SZCZ U/IJ
    • c
    • Instytucja, która sporządziła rekord (NP)
    • SZCZ U/IJ
    • d
    • Instytucja, która zmodyfikowała rekord (P)
    • SZCZ U/RJ
041 -Język dokumentu [0, ]
    • a
    • Język tekstu (P)
    • polski
    • a
    • Język tekstu (P)
    • polski
044 -Kraj miejsca wydania [ , ]
    • a
    • Kraj miejsca wydania
    • Polska
942 -Rodzaj dokumentu [ , ]
    • c
    • Rodzaj dokumentu
    • Książka
245 -Strefa tytułu i oznaczenia odpowiedzialności [0,0]
    • a
    • Tytuł
    • Twórcy dzieciom 1990-2005 : Find
    • b
    • Ciąg dalszy tytułu (NP)
    • almanach Polskiej Sekcji IBBY = Artists for children : almanc of the IBBY Polish Section / Find
    • c
    • Pozostałe elementy strefy tytułu i oznaczenia odpowiedzialności (NP)
    • [koncepcja i scenariusz Krystyna Lipka-Sztarbałło, Małgorzata Bieńkowska ; noty o książkach Maria Kulik i in.].
260 -Strefa adresu wydawniczego [ , ]
    • a
    • Miejsce wydania (P)
    • Warszawa :
    • b
    • Nazwa wydawcy (P)
    • Stow.Przyjaciół Książki dla Młodych - Polska Sekcja IBBY,
    • c
    • Data wydania (P)
    • 2006. -
300 -Strefa opisu fizycznego [ , ]
    • a
    • Określenie formy książki i/lub objętość (NP)
    • 155 s. :
    • b
    • Oznaczenie ilustracji (NP)
    • il. ;
    • c
    • Format (NP)
    • 21x23 cm.
500 -Uwaga ogólna [ , ]
    • a
    • Uwaga ogólna (NP)
    • Opis wg okł. - Tekst równolegle w jęz. pol. i ang.
080 -Uniwersalna Klasyfikacja Dziesiętna [ , ]
    • 2
    • Identyfikator wydania tablic
    • UDC-P022
    • a
    • Symbol klasyfikacji
    • 821.162.1(091)-93"1989/...":016
    • b
    • Dopowiedzenie
    • Bibliografia dzieł dotyczących polskiej literatury dziecięcej.
    • x
    • Poddział wspólny
    • =162.1
    • b
    • Dopowiedzenie
    • =język polski
    • x
    • Poddział wspólny
    • =111
    • b
    • Dopowiedzenie
    • =język angielski
980 -Symbol UKD [ , ]
    • a
    • UKD
    • 821.162.1(091)-93"1989/...":016]=162.1=111
700 -Hasło dodatkowe - nazwa osobowa [1, ]
    • a
    • Nazwa osobowa (NP)
    • Lipka-Sztarbałlo, Krystyna. Find
    • d
    • Daty biograficzne (NP)
    • (1949-).
    • e
    • Określenie rodzaju współpracy
    • Oprac.
700 -Hasło dodatkowe - nazwa osobowa [1, ]
    • a
    • Nazwa osobowa (NP)
    • Kulik, Maria. Find
700 -Hasło dodatkowe - nazwa osobowa [1, ]
    • a
    • Nazwa osobowa (NP)
    • Bieńkowska, Małgorzata. Find
    • d
    • Daty biograficzne (NP)
    • (1959-).
    • e
    • Określenie rodzaju współpracy
    • Oprac.
920 -ISBN [ , ]
    • a
    • ISBN
    • 83-909402-4-8 Find
Data inwentaryzacji Lokalizacja Status udost. Numer inwentarzowy
2007-08-23BG1Pd.18703